[Event "XXV OOM - Mistrzostwa Polski Juniorow Mlodszych - Chlopcy do lat 14"]
[Site "Sielpia"]
[Date "1899-12-30"]
[Round "9.5"]
[White "Budzisz, Adrian"]
[Black "Ochedzan, Tymon"]
[Result "1/2-1/2"]
[WhiteTitle "I"]
[BlackTitle "CM"]
[WhiteElo "1788"]
[BlackElo "2090"]

1. d4 Nf6 2. Nf3 g6 3. e3 Bg7 4. Be2 O-O 5. O-O d6 6. b3 b6 7. Bb2 Bb7 8. c4 Nbd7
9. Nc3 c5 10. d5 Ne4 11. Qc2 Nxc3 12. Bxc3 b5 13. Bxg7 Kxg7 14. Qc3+ Kg8 15. e4
bxc4 16. Bxc4 Qc7 17. Rfe1 Nb6 18. Re3 f6 19. Nh4 Nxc4 20. bxc4 Bc8 21. f4 Rb8
22. Rg3 Qb7 23. Qf3 Qb2 24. Rd1 Rf7 25. Qa3 a6 26. Qa4 Rf8 27. Qa3 Qc2 28. Qd3
Qxd3 29. Rgxd3 Bg4 30. Nf3 Rb4 31. Rc1 Rfb8 32. Rc2 a5 33. h3 Bd7 34. Ra3 a4 35.
Rac3 Rb2 36. Kf2 a3 37. Ke3 Ba4 38. Rd2 Bb3 39. Kd3 Bxa2 40. Rxa3 Bb1+ 41. Kc3
R2b4 42. Re2 1/2-1/2

[Event "XXV OOM - Mistrzostwa Polski Juniorow Mlodszych - Chlopcy do lat 14"]
[Site "Sielpia"]
[Date "1899-12-30"]
[Round "9.6"]
[White "Jedraszek, Pawel"]
[Black "Kacprzak, Karol"]
[Result "0-1"]
[WhiteTitle "I"]
[BlackTitle "I+"]
[WhiteElo "1753"]
[BlackElo "1910"]

1. e4 c5 2. Nf3 d6 3. d4 cxd4 4. Nxd4 Nf6 5. Nc3 a6 6. Bg5 e6 7. f4 h6 8. Bh4 Qc7
9. Qf3 b5 10. O-O-O Bb7 11. Bd3 Nbd7 12. a3 Be7 13. Rhe1 O-O-O 14. Bf2 Nc5 15.
h3 d5 16. e5 Nfe4 17. Bxe4 Nxe4 18. Nxe4 dxe4 19. Qe2 Kb8 20. Kb1 Rc8 21. g3 Rhd8
22. c3 Bd5 23. Nc2 Qb7 24. Bd4 a5 25. Ne3 Bb3 26. Nc2 b4 27. axb4 axb4 28. Kc1
Rxd4 29. Nxd4 Bxd1 30. Rxd1 bxc3 31. Qb5 cxb2+ 32. Kxb2 Rc5 33. Qxb7+ Kxb7 34.
Ne2 Kc6 35. Rd4 f5 36. Ra4 Rb5+ 37. Kc2 Bc5 38. Ra8 Rb7 39. Re8 Re7 40. Rd8 Rd7
41. Rc8+ Rc7 42. Rg8 Kd5 43. Re8 Bb4+ 44. Kb3 Be7 45. Rg8 Rb7+ 46. Kc2 Rc7+ 47.
Kb3 Rb7+ 48. Kc2 Bb4 49. Re8 Rc7+ 50. Kb3 Rb7 51. Kc2 Rd7 52. Rc8 Ba5 53. Ra8
Rc7+ 54. Kb3 Rc5 55. Ra6 e3 56. Ra7 Ke4 57. Ng1 Bc7 58. Ra2 g5 59. Ne2 gxf4 60.
gxf4 Ba5 61. Ka4 Bd2 62. Kb3 Kd3 63. Ng3 e2 64. Nxe2 Kxe2 65. Ra6 Bxf4 66. Rxe6
Rxe5 67. Rf6 Bg5 68. Rf7 Re3+ 69. Kc4 Re5 70. Kd4 Ra5 71. Rb7 Kf3 72. Rb3+ Kf4
73. Kd3 Kg3 74. Ke2+ Kg2 75. Rb7 Re5+ 76. Kd3 Kxh3 77. Kd4 Re8 78. Rb3+ Kg4 79.
Rb1 f4 80. Rf1 f3 81. Rg1+ Kf4 82. Rf1 Kg3 83. Rg1+ Kf2 84. Rb1 Kg2 85. Kd5 f2
86. Rb2 Rd8+ 87. Ke6 Rd2 88. Rb1 Re2+ 89. Kd7 Bd2 90. Rd1 Be1 91. Rd6 f1=Q 92.
Rg6+ Bg3 93. Rxh6 Qd1+ 94. Kc6 Rc2+ 95. Kb7 Qb1+ 96. Rb6 Rb2 97. Rxb2+ Qxb2+ 98.
Kc6 Qe5 99. Kb6 Qd5 100. Ka6 Qb3 101. Ka5 Bf2 102. Ka6 Qb6# 0-1

[Event "XXV OOM - Mistrzostwa Polski Juniorow Mlodszych - Chlopcy do lat 14"]
[Site "Sielpia"]
[Date "1899-12-30"]
[Round "9.7"]
[White "Oleksy, Krzysztof"]
[Black "Dzida, Kamil"]
[Result "0-1"]
[WhiteTitle "I"]
[BlackTitle "I++"]
[WhiteElo "1746"]
[BlackElo "1877"]

1. e4 c5 2. Nf3 d6 3. d4 cxd4 4. Nxd4 Nf6 5. Nc3 a6 6. Bg5 e6 7. f4 Be7 8. Qf3
Qc7 9. O-O-O Nbd7 10. Bd3 b5 11. Rhe1 Bb7 12. Qg3 Qb6 13. Nd5 exd5 14. Bxf6 Bxf6
15. e5 O-O-O 16. exf6 Qxd4 17. fxg7 Rhg8 18. Bxh7 Qxg7 19. Bxg8 Qxg3 20. hxg3
Rxg8 21. Re7 f6 22. Rh1 Rxg3 23. Rh8+ Kc7 24. Rhh7 Bc6 25. Rhg7 Rxg7 26. Rxg7
d4 27. g4 Be4 28. Kd2 Kc6 29. Rf7 a5 30. a3 a4 31. Kc1 Bf3 32. g5 fxg5 33. fxg5
Be4 34. Re7 Ne5 35. Re8 Kd7 36. Rb8 Bc6 37. Rf8 Ke7 38. Rf4 d3 39. g6 Nxg6 40.
Rg4 Ne5 41. Rh4 d2+ 42. Kd1 Nc4 0-1

[Event "XXV OOM - Mistrzostwa Polski Juniorow Mlodszych - Chlopcy do lat 14"]
[Site "Sielpia"]
[Date "1899-12-30"]
[Round "9.8"]
[White "Bancarewicz, Aleks"]
[Black "Jeda, Maciej"]
[Result "1/2-1/2"]
[WhiteTitle "I"]
[BlackTitle "I"]
[WhiteElo "1701"]
[BlackElo "1850"]

1. e4 e6 2. d4 d5 3. Nc3 Nf6 4. e5 Nfd7 5. f4 c5 6. Nf3 Nc6 7. Be3 cxd4 8. Nxd4
Bc5 9. Qd2 O-O 10. O-O-O a6 11. Qf2 Bxd4 12. Bxd4 Nxd4 13. Qxd4 b5 14. Bd3 Qa5
15. Kb1 b4 16. Ne2 Nc5 17. g4 Nxd3 18. Qxd3 Qc7 19. Nd4 f6 20. Qe3 fxe5 21. fxe5
Qf7 22. Qe2 Qf2 23. Rhf1 Qxe2 24. Nxe2 Bd7 25. Nd4 g5 26. Kc1 Kg7 27. Kd2 a5 28.
Ke3 Rac8 29. Rc1 h6 30. Rxf8 Rxf8 31. c3 Rc8 32. Kd3 bxc3 33. Rxc3 h5 34. h3 h4
35. Rb3 Rc7 36. Rb6 Kf7 37. Nf3 Kg6 38. Nd4 Kf7 1/2-1/2

[Event "XXV OOM - Mistrzostwa Polski Juniorow Mlodszych - Chlopcy do lat 14"]
[Site "Sielpia"]
[Date "1899-12-30"]
[Round "9.9"]
[White "Babiarz, Arkadiusz"]
[Black "Paprocki, Antoni"]
[Result "1-0"]
[WhiteTitle "I++"]
[BlackTitle "I"]
[WhiteElo "1839"]
[BlackElo "1778"]

1. e4 c5 2. c3 d5 3. exd5 Qxd5 4. d4 Nc6 5. Nf3 cxd4 6. cxd4 e5 7. Nc3 Bb4 8. Bd2
Bxc3 9. Bxc3 e4 10. Ne5 Nxe5 11. dxe5 Ne7 12. Qa4+ Bd7 13. Qa3 Qe6 14. Rd1 O-O
15. Be2 Bc6 16. O-O Ng6 17. Rd6 Qf5 18. e6 fxe6 19. Bc4 Nf4 20. Bd4 Rad8 21. Qg3
g6 22. Rxd8 Rxd8 23. Bxa7 Bd5 24. Rd1 Rc8 25. Bf1 Rc2 26. Be3 g5 27. h4 h6 28.
hxg5 hxg5 29. Rc1 Rxc1 30. Bxc1 Kf7 31. a4 Kf6 32. b4 Nd3 33. Be3 Nxb4 34. Bxg5+
Qxg5 35. Qc3+ Kf7 36. Qxb4 e3 37. Qe1 exf2+ 38. Qxf2+ Qf6 39. a5 Qxf2+ 40. Kxf2
Kf6 41. Ke3 Ke5 42. g4 Be4 43. Bc4 Bg6 44. Be2 Kd6 45. Bf3 Kc7 46. Kd4 b6 47.
a6 Kb8 48. Bc6 Ka7 49. Bb5 Bc2 50. Ke5 Bd1 51. g5 Bg4 52. g6 Bh5 53. Kf6 Bxg6
54. Kxg6 e5 55. Kf5 Kb8 56. Kxe5 Ka7 57. Kd6 Kb8 58. Kc6 Ka7 59. Kc7 Ka8 60. Kxb6
1-0

[Event "XXV OOM - Mistrzostwa Polski Juniorow Mlodszych - Chlopcy do lat 14"]
[Site "Sielpia"]
[Date "1899-12-30"]
[Round "9.10"]
[White "Szydlo, Michal"]
[Black "Wieczorek, Mikolaj"]
[Result "1-0"]
[WhiteTitle "I"]
[BlackTitle "I"]
[WhiteElo "1830"]
[BlackElo "1752"]

1. d4 Nf6 2. c4 c5 3. d5 e6 4. Nc3 exd5 5. cxd5 d6 6. e4 g6 7. f4 Bg7 8. Bb5+ Nfd7
9. Nf3 O-O 10. O-O a6 11. Bd3 b5 12. Qe1 Re8 13. f5 Ne5 14. Bc2 Nxf3+ 15. Rxf3
Bxf5 16. Rxf5 gxf5 17. Qg3 Kh8 18. Bf4 Be5 19. Rf1 Bxf4 20. Qxf4 Re5 21. exf5
f6 22. Ne4 Ra7 23. Qh6 Rf7 24. Rf4 Qe7 25. h3 Rxd5 26. g4 Qe5 27. Rf2 Nc6 28.
Qh5 Qe7 29. g5 Nd4 30. gxf6 Qb7 31. Ng5 Rxf6 32. Be4 Nxf5 33. Bxd5 Qxd5 34. Qxh7#
1-0

[Event "XXV OOM - Mistrzostwa Polski Juniorow Mlodszych - Chlopcy do lat 14"]
[Site "Sielpia"]
[Date "1899-12-30"]
[Round "9.11"]
[White "Iwaszkiewicz, Krzysztof"]
[Black "Wojdak, Jan"]
[Result "1-0"]
[WhiteTitle "I"]
[BlackTitle "I"]
[WhiteElo "1651"]
[BlackElo "1834"]

1. d4 d5 2. Bf4 Nf6 3. e3 e6 4. c3 c5 5. Nd2 Nc6 6. Ngf3 Bd6 7. Bg3 O-O 8. Bd3
b6 9. e4 Be7 10. e5 Nh5 11. a3 g6 12. Qe2 Bb7 13. O-O a5 14. h3 Qc8 15. Bh2 Ba6
16. g4 Ng7 17. Kg2 Bxd3 18. Qxd3 f6 19. exf6 Bxf6 20. Bd6 c4 21. Qc2 Rd8 22. Bg3
Re8 23. Rfe1 Qd7 24. a4 Ra7 25. b3 cxb3 26. Qxb3 Rb7 27. Nb1 Be7 28. Na3 Rf8 29.
Nb5 Ne8 30. Ra2 Nf6 31. Ng5 Nd8 32. Rae2 Nxg4 33. Nxe6 Nxe6 34. Rxe6 Nxf2 35.
Bxf2 Rxf2+ 36. Kxf2 Bh4+ 37. Kg2 Bxe1 38. Rxe1 Qf5 39. Re5 1-0

[Event "XXV OOM - Mistrzostwa Polski Juniorow Mlodszych - Chlopcy do lat 14"]
[Site "Sielpia"]
[Date "1899-12-30"]
[Round "9.12"]
[White "Stachecki, Mikolaj"]
[Black "Czernek, Tymon"]
[Result "0-1"]
[WhiteTitle "II+"]
[BlackTitle "I++"]
[WhiteElo "1587"]
[BlackElo "2050"]

1. e4 c5 2. Nf3 d6 3. d4 cxd4 4. Nxd4 Nf6 5. Nc3 a6 6. h3 e5 7. Nb3 b5 8. Be3 Bb7
9. a4 b4 10. Nd5 Nxd5 11. exd5 Nd7 12. a5 Nf6 13. Bg5 Qd7 14. Bc4 Be7 15. Bxf6
gxf6 16. Qd2 Rg8 17. Rh2 Rb8 18. Qxb4 Qc7 19. Qa4+ Kf8 20. c3 f5 21. Nd2 Bf6 22.
O-O-O e4 23. Ba2 Qc5 24. g3 Bc8 25. Nc4 Rb5 26. Kc2 Bd7 27. Bb3 Ke7 28. Nb6 Rxb6
29. Qxd7+ Kxd7 30. axb6 Qxb6 31. Rb1 Qb5 32. c4 Qb4 33. Ra1 Rb8 34. Ra3 a5 35.
Kc1 Qe1+ 0-1

[Event "XXV OOM - Mistrzostwa Polski Juniorow Mlodszych - Chlopcy do lat 14"]
[Site "Sielpia"]
[Date "1899-12-30"]
[Round "9.13"]
[White "Wasik, Mateusz"]
[Black "Kaliszuk, Kamil"]
[Result "1/2-1/2"]
[WhiteTitle "I"]
[BlackTitle "I"]
[WhiteElo "1729"]
[BlackElo "1674"]

1. e4 c5 2. Nf3 e6 3. d4 cxd4 4. Nxd4 Nf6 5. Nc3 Nc6 6. g3 d5 7. exd5 Nxd5 8. Nxc6
bxc6 9. Bg2 Ba6 10. Ne2 Be7 11. c3 O-O 12. O-O Rb8 13. Qc2 Qb6 14. Rd1 Rfd8 15.
Nd4 Bf6 16. Nb3 Bc4 17. Nd2 Be2 18. Re1 Bh5 19. Ne4 Be7 20. a3 Bg6 21. c4 Nf6
22. b4 Nxe4 23. Bxe4 a5 24. Bxg6 hxg6 25. c5 Qa6 26. Bd2 Qd3 27. Qxd3 Rxd3 28.
Re2 Ra8 29. Kg2 Rb3 30. bxa5 Rb2 31. Kf3 Bf6 32. Rc1 Rb3+ 33. Re3 Rxe3+ 34. Kxe3
Bd8 35. Bb4 Bxa5 36. Bxa5 Rxa5 37. Rc3 Kf8 38. f4 Ra4 39. Ke4 f5+ 1/2-1/2

[Event "XXV OOM - Mistrzostwa Polski Juniorow Mlodszych - Chlopcy do lat 14"]
[Site "Sielpia"]
[Date "1899-12-30"]
[Round "9.14"]
[White "Jozefczyk, Szymon"]
[Black "Backiel, Hubert"]
[Result "0-1"]
[WhiteTitle "II"]
[BlackTitle "I"]
[WhiteElo "1580"]
[BlackElo "1704"]

1. d4 Nf6 2. Nc3 c5 3. d5 e5 4. e4 d6 5. g3 a6 6. a4 g6 7. Bg2 Bg7 8. Nge2 O-O
9. O-O Nfd7 10. f4 f5 11. a5 fxe4 12. Nxe4 Nf6 13. Nxf6+ Bxf6 14. c4 Nd7 15. Qb3
b6 16. axb6 Qxb6 17. Qxb6 Nxb6 18. fxe5 Bxe5 19. Rxf8+ Kxf8 20. Bh6+ Ke7 21. Bg5+
Ke8 22. Rc1 Bxb2 23. Rc2 Be5 24. Nf4 Bf5 25. Rc1 Kd7 26. h3 h5 27. Bf1 Re8 28.
Kf2 Bd4+ 29. Kg2 a5 30. Bd3 Bxd3 31. Nxd3 Be3 32. Bxe3 Rxe3 33. Nf4 Re4 34. Nxg6
Rxc4 35. Rd1 Rd4 36. Re1 Nxd5 37. Nf8+ Kc6 38. Ne6 Rd2+ 39. Kf3 Rd3+ 40. Kf2 a4
41. Ra1 a3 42. Ng7 Nb4 43. Nxh5 a2 44. Ke2 Rb3 45. Kd2 Rb1 46. Rxb1 axb1=Q 0-1

[Event "XXV OOM - Mistrzostwa Polski Juniorow Mlodszych - Chlopcy do lat 14"]
[Site "Sielpia"]
[Date "1899-12-30"]
[Round "9.15"]
[White "Zdybel, Przemyslaw"]
[Black "Wilk, Igor"]
[Result "1-0"]
[WhiteTitle "I"]
[BlackTitle "I"]
[WhiteElo "1698"]
[BlackElo "1669"]

1. e4 e6 2. d4 d5 3. Nc3 Bb4 4. e5 b6 5. Qg4 Bf8 6. Be3 Ne7 7. h4 Ba6 8. Bxa6 Nxa6
9. h5 h6 10. Qe2 Nb4 11. g4 c5 12. Nb5 Nec6 13. c3 Na6 14. f4 cxd4 15. cxd4 Nc7
16. Rc1 Qd7 17. Nxc7+ Qxc7 18. Qb5 Rc8 19. Ne2 Qd7 20. Kf2 Rc7 21. a4 Kd8 22.
Qd3 Nb4 23. Qb3 b5 24. Rxc7 Kxc7 25. Rc1+ Kb7 26. axb5 Qxb5 27. Kf3 Be7 28. Nc3
Qa6 29. Na4 Qd3 30. Rc3 Qe4+ 31. Kg3 Qh1 32. Nc5+ Ka8 33. g5 hxg5 34. Qxb4 gxf4+
35. Bxf4 Qh4+ 36. Kf3 Qxh5+ 37. Kf2 Bh4+ 38. Ke3 Rb8 39. Qa4 Bf2+ 40. Kd2 Be1+
41. Kc1 Bd2+ 42. Bxd2 Qh1+ 43. Kc2 Qh7+ 44. Rd3 1-0

[Event "XXV OOM - Mistrzostwa Polski Juniorow Mlodszych - Chlopcy do lat 14"]
[Site "Sielpia"]
[Date "1899-12-30"]
[Round "9.16"]
[White "Wnek, Filip"]
[Black "Lokaj, Bartlomiej"]
[Result "1-0"]
[WhiteTitle "I+"]
[BlackTitle "II"]
[WhiteElo "1733"]
[BlackElo "1537"]

1. e4 e5 2. Nf3 Nc6 3. Bb5 a6 4. Ba4 Nf6 5. O-O Nxe4 6. d4 b5 7. Bb3 d5 8. dxe5
Be6 9. Qe2 Nc5 10. Rd1 Nxb3 11. axb3 Bc5 12. Bg5 Ne7 13. c4 c6 14. Nc3 b4 15.
Ne4 Qb6 16. Nxc5 Nf5 17. Nxe6 fxe6 18. cxd5 cxd5 19. Rac1 O-O 20. Rc2 h6 21. Be3
Qb7 22. Rdc1 Rf7 23. Rc6 1-0

[Event "XXV OOM - Mistrzostwa Polski Juniorow Mlodszych - Chlopcy do lat 14"]
[Site "Sielpia"]
[Date "1899-12-30"]
[Round "9.17"]
[White "Dziendziel, Mateusz"]
[Black "Wysocki, Mateusz"]
[Result "1-0"]
[WhiteTitle "II+"]
[BlackTitle "I"]
[WhiteElo "1684"]
[BlackElo "1697"]

1. e4 c5 2. Nf3 e6 3. Nc3 a6 4. d4 cxd4 5. Nxd4 Qc7 6. Bd3 Nf6 7. O-O b5 8. a3
Bb7 9. Kh1 Nc6 10. Nxc6 Bxc6 11. f4 d6 12. Qf3 g6 13. Bd2 Bg7 14. Rae1 O-O 15.
Qg3 Rae8 16. Qh4 Qb7 17. Rf2 Nd7 18. f5 exf5 19. exf5 Rxe1+ 20. Bxe1 Re8 21. Bd2
Nc5 22. f6 Nxd3 23. cxd3 Bf8 24. d4 h5 25. Qg5 Bd7 26. Nd5 Kh7 27. Ne7 Qe4 28.
d5 Qg4 29. Qxg4 hxg4 30. Re2 Bh6 31. Bc3 Bg5 32. Bd4 Bf5 33. Kg1 Rd8 34. Nc6 Rd7
35. Kf2 Rb7 36. Kg3 Bd7 37. Nd8 Rc7 38. Nxf7 Bc1 39. Nxd6 Bh6 40. Re7+ Kg8 41.
f7+ Kf8 42. Re8+ 1-0

[Event "XXV OOM - Mistrzostwa Polski Juniorow Mlodszych - Chlopcy do lat 14"]
[Site "Sielpia"]
[Date "1899-12-30"]
[Round "9.18"]
[White "Wojtasik, Szymon"]
[Black "Pazdzierz, Piotr"]
[Result "0-1"]
[WhiteTitle "II"]
[BlackTitle "I"]
[WhiteElo "1379"]
[BlackElo "1639"]

1. e4 e6 2. d4 d5 3. Nd2 h6 4. Ngf3 Nf6 5. e5 Nfd7 6. Bd3 c5 7. c3 Nc6 8. O-O g5
9. Bb5 Qb6 10. Qa4 cxd4 11. cxd4 g4 12. Bxc6 gxf3 13. Bb5 fxg2 14. Re1 a6 15.
Bd3 Bb4 16. a3 Qxd4 17. Qxb4 Qxd3 18. Re3 Qf5 19. Nf3 Qh5 20. Qd6 Nf8 21. Bd2
Ng6 22. Bb4 a5 23. Bc5 Bd7 24. Rc1 Rg8 25. Rec3 Rc8 26. Bb4 Bc6 27. Rxc6 bxc6
28. Rxc6 Rd8 29. Qc7 Qxf3 30. Rxe6+ fxe6 31. Qc6+ Kf7 32. Qc7+ Ne7 33. Qxe7+ Kg6
34. Qxe6+ Kh5 35. h3 Qd1+ 0-1

[Event "XXV OOM - Mistrzostwa Polski Juniorow Mlodszych - Chlopcy do lat 14"]
[Site "Sielpia"]
[Date "1899-12-30"]
[Round "9.19"]
[White "Mocko, Maciej"]
[Black "Taranowicz, Michal"]
[Result "0-1"]
[WhiteTitle "II"]
[BlackTitle "II+"]
[WhiteElo "1430"]
[BlackElo "1560"]

1. e4 g6 2. d4 d6 3. Nc3 Bg7 4. Be2 Nf6 5. h4 c5 6. d5 Qa5 7. Be3 Nxe4 8. Qd3 Bxc3+
9. bxc3 Qxc3+ 10. Qxc3 Nxc3 11. Bf3 Nd7 12. Kd2 Nb5 13. c4 Nc7 14. Be2 O-O 15.
h5 a6 16. hxg6 fxg6 17. Nf3 b5 18. Rh2 bxc4 19. Rah1 Nf6 20. Bxc4 Bf5 21. Ng5
h5 22. f3 Rab8 23. Bb3 a5 24. g4 hxg4 25. Rh8+ Kg7 26. R8h7+ Nxh7 27. Rxh7+ Kg8
28. fxg4 Bxg4 29. Rxe7 Ne8 30. Bxc5 dxc5 31. d6+ Rxb3 32. axb3 Nxd6 33. Ne6 Rf2+
34. Kd3 Rf3+ 35. Kd2 Bxe6 36. Rxe6 Rf6 37. Re5 a4 38. Kc3 a3 39. Re2 Rf3+ 40.
Kc2 Nb5 41. Re8+ Kf7 42. Ra8 Nd4+ 43. Kb1 Rxb3+ 44. Ka2 c4 45. Ra6 c3 46. Ra8
Rb2+ 47. Kxa3 Nb5+ 48. Ka4 Ra2+ 49. Kxb5 Rxa8 50. Kb4 c2 51. Kc3 c1=Q+ 52. Kd3
Ra4 53. Ke2 Ra3 54. Kf2 Qd2+ 0-1

[Event "XXV OOM - Mistrzostwa Polski Juniorow Mlodszych - Chlopcy do lat 14"]
[Site "Sielpia"]
[Date "1899-12-30"]
[Round "9.20"]
[White "Blazniak, Bartlomiej"]
[Black "Kolodziejski, Piotr"]
[Result "1/2-1/2"]
[WhiteTitle "I"]
[BlackTitle "I"]
[WhiteElo "1518"]
[BlackElo "1797"]

1. d4 Nf6 2. Bg5 d5 3. e3 c5 4. Bxf6 gxf6 5. dxc5 e6 6. c4 dxc4 7. Qxd8+ Kxd8 8.
Bxc4 Bxc5 9. Nc3 Nc6 10. Rd1+ Ke7 11. Nf3 Bd7 12. O-O a6 13. Ne4 Bb4 14. Nxf6
Rad8 15. Nxd7 Rxd7 16. Rxd7+ Kxd7 17. a3 Be7 18. b4 Kc7 19. Rd1 b5 20. Be2 Rd8
21. Rxd8 Bxd8 22. Nd2 f5 23. g4 Bf6 24. gxf5 exf5 25. Bd3 Ne7 26. Kg2 Bb2 27.
Nb1 Kd6 28. Kg3 Ke5 29. Kh4 Kf6 30. Be2 Nd5 31. Bf3 Nc3 32. Nxc3 Bxc3 33. Bb7
Bb2 34. Bxa6 Bxa3 35. Bxb5 Bxb4 36. Kh5 Be1 37. f3 Bf2 38. e4 fxe4 39. fxe4 Be3
40. Kg4 Ke5 41. Kf3 Bc1 42. h3 1/2-1/2

[Event "XXV OOM - Mistrzostwa Polski Juniorow Mlodszych - Chlopcy do lat 14"]
[Site "Sielpia"]
[Date "1899-12-30"]
[Round "9.21"]
[White "Madajczak, Piotr"]
[Black "Szlosarczyk, Hubert"]
[Result "1/2-1/2"]
[WhiteTitle "I"]
[BlackTitle "II+"]
[WhiteElo "1549"]
[BlackElo "1620"]

1. f4 Nf6 2. Nf3 g6 3. g3 Bg7 4. Bg2 O-O 5. O-O d6 6. d3 Nbd7 7. e4 e5 8. fxe5
dxe5 9. a4 c6 10. Kh1 Re8 11. Na3 Qc7 12. Be3 a6 13. Nc4 Ng4 14. Bg1 b5 15. Ne3
Nxe3 16. Bxe3 Bb7 17. Qd2 c5 18. Qc3 Rec8 19. axb5 axb5 20. Rxa8 Bxa8 21. Ng5
b4 22. Qb3 Nf6 23. Bh3 Re8 24. Qc4 h6 25. Nf3 g5 26. Nd2 g4 27. Bg2 Re6 28. Nb3
Rc6 29. Ra1 Bb7 30. Ra7 Qb8 31. Rxb7 Qxb7 32. Na5 Qc7 33. Nxc6 Qxc6 34. Qxc5 Qa4
35. b3 Qa1+ 36. Bg1 Bf8 37. Qc6 Kg7 38. Qb6 Nd7 39. Qf2 Qb1 40. Bf1 Bc5 41. Qg2
1/2-1/2

[Event "XXV OOM - Mistrzostwa Polski Juniorow Mlodszych - Chlopcy do lat 14"]
[Site "Sielpia"]
[Date "1899-12-30"]
[Round "9.22"]
[White "Ciszewski, Krzysztof"]
[Black "Matela, Krzysztof"]
[Result "1/2-1/2"]
[WhiteTitle "II+"]
[BlackTitle "I"]
[WhiteElo "1612"]
[BlackElo "1540"]

1. d4 Nf6 2. c4 c5 3. d5 b5 4. cxb5 a6 5. bxa6 Bxa6 6. Nc3 d6 7. e4 Bxf1 8. Kxf1
g6 9. Nf3 Bg7 10. g3 Qb6 11. Kg2 O-O 12. a4 Nbd7 13. Qe2 Rfb8 14. Nb5 Qb7 15.
Bd2 Nb6 16. Nc3 Nfd7 17. a5 Nc8 18. h4 Qa6 19. Qxa6 Rxa6 20. Ra2 Na7 21. Rha1
Nb5 22. Nxb5 Rxb5 23. Bc3 f5 24. exf5 gxf5 25. Ng5 Bxc3 26. bxc3 Rb3 27. Ra3 Rxa3
28. Rxa3 Nb6 29. Ne6 Nxd5 30. c4 Nb4 31. Nc7 Ra7 32. a6 e6 33. Nxe6 Rxa6 34. Rxa6
Nxa6 35. Kf3 Kf7 36. Nd8+ Kf6 37. Kf4 Nc7 38. Nb7 d5 39. Nd6 Ne6+ 40. Ke3 d4+
41. Kd3 Nd8 42. f3 Nf7 43. Nb7 Ne5+ 44. Ke2 Nxc4 45. Nxc5 Ne5 46. f4 Ng4 47. Nb3
d3+ 48. Kxd3 Nf2+ 49. Ke2 Ne4 50. Kf3 h5 51. Nd4 Nd2+ 52. Ke3 Nf1+ 53. Kf2 Nd2
54. Nf3 Nxf3 55. Kxf3 Ke6 56. Ke3 Kd5 1/2-1/2

[Event "XXV OOM - Mistrzostwa Polski Juniorow Mlodszych - Chlopcy do lat 14"]
[Site "Sielpia"]
[Date "1899-12-30"]
[Round "9.23"]
[White "Goszyk, Bartosz"]
[Black "Pisarek, Jan"]
[Result "1/2-1/2"]
[WhiteTitle "II"]
[BlackTitle "I"]
[WhiteElo "1554"]
[BlackElo "1610"]

1. d4 Nf6 2. Nc3 c5 3. d5 d6 4. e4 g6 5. Bd3 Bg7 6. Nf3 O-O 7. O-O e5 8. Nd2 Ne8
9. Nc4 Nc7 10. a4 Qe7 11. f4 Nd7 12. Qe1 exf4 13. Bxf4 Ne5 14. Bxe5 Bxe5 15. Nb5
Nxb5 16. axb5 f6 17. c3 Bd7 18. Qe2 Kg7 19. Ra3 a6 20. Nb6 Rab8 21. bxa6 bxa6
22. Rxa6 Rb7 23. Bb5 Bxb5 24. Qxb5 Qc7 25. Qc6 Rfb8 26. Qxc7+ Rxc7 27. Rfa1 Kf7
28. Ra7 Rbb7 29. Rxb7 Rxb7 30. Nc4 f5 31. exf5 gxf5 32. Kf2 Kf6 33. g3 Kg5 34.
Ra8 Rf7 35. Re8 Rb7 36. Re6 f4 37. Kf3 fxg3 38. hxg3 Rf7+ 39. Kg2 Rb7 40. Kh3
Kf5 41. Nxd6+ Bxd6 42. Rxd6 Ke5 43. Re6+ Kxd5 44. Re2 Kc4 45. Kh4 Kb3 46. Kh5
Rg7 47. g4 c4 48. g5 Rf7 49. Rg2 Rd7 50. Kg4 Rf7 51. Rh2 Rc7 52. Kf5 Rc5+ 53.
Kf4 Rc7 54. Ke4 Rg7 55. Rg2 Rg6 56. Kf5 1/2-1/2

[Event "XXV OOM - Mistrzostwa Polski Juniorow Mlodszych - Chlopcy do lat 14"]
[Site "Sielpia"]
[Date "1899-12-30"]
[Round "9.24"]
[White "Skrzypczynski, Kacper"]
[Black "Szafranski, Maciej"]
[Result "1-0"]
[WhiteTitle "II"]
[BlackTitle "II+"]
[WhiteElo "1291"]
[BlackElo "1503"]

1. d4 d5 2. f4 Nf6 3. Nf3 Bf5 4. e3 e6 5. Nbd2 c5 6. c3 Be7 7. Ne5 O-O 8. g4 Bg6
9. h4 Ne4 10. Nxg6 fxg6 11. Nxe4 dxe4 12. g5 cxd4 13. Qxd4 Qxd4 14. cxd4 Nc6 15.
Bg2 Rac8 16. Bd2 Nb4 17. Bxe4 Rc7 18. Bc3 Rfc8 19. a3 Nd5 20. Bxd5 exd5 21. Kd2
Kf7 22. Kd3 Bd6 23. Rhf1 Re8 24. Bb4 Bxb4 25. axb4 a6 26. Rac1 Rec8 27. Rc5 Rxc5
28. bxc5 b6 29. b4 bxc5 30. dxc5 Ke6 31. e4 dxe4+ 32. Kxe4 a5 33. bxa5 Rxc5 34.
Ra1 Rc4+ 35. Ke3 Rc7 36. a6 Ra7 37. Ke4 Kd6 38. Kd4 Ke6 39. Kc5 Kf5 40. Kb6 Ra8
41. Kb7 Rf8 42. a7 Rf7+ 43. Kc6 Rxa7 44. Rxa7 Kxf4 45. Rxg7 1-0

[Event "XXV OOM - Mistrzostwa Polski Juniorow Mlodszych - Chlopcy do lat 14"]
[Site "Sielpia"]
[Date "1899-12-30"]
[Round "9.25"]
[White "Sieczkowski, Adam"]
[Black "Kossowski, Pawel"]
[Result "0-1"]
[WhiteTitle "I+"]
[BlackTitle "II+"]
[WhiteElo "1638"]
[BlackElo "1589"]

1. d4 d5 2. Bf4 Nf6 3. e3 e6 4. Bd3 c5 5. c3 Nc6 6. Nd2 Bd7 7. Ngf3 Be7 8. h3 O-O
9. O-O Rc8 10. dxc5 Bxc5 11. e4 dxe4 12. Nxe4 Nxe4 13. Bxe4 Qe8 14. Qe2 Kh8 15.
Rad1 Rd8 16. Bc7 Rc8 17. Bg3 Rd8 18. b4 Bb6 19. Bd6 Rg8 20. a4 a6 21. Rfe1 f5
22. Bc2 Qg6 23. b5 axb5 24. Qxb5 Nd4 25. Qd3 Nxf3+ 26. Qxf3 Bc6 27. Qg3 Qxg3 28.
Bxg3 Rxd1 29. Rxd1 Rd8 30. Rb1 Ba5 31. Bb3 Bxc3 32. Bxe6 g6 33. Bh4 Re8 34. Bf7
Re4 35. Bg5 Rxa4 36. Rb3 Be5 37. f4 Bd4+ 38. Kh2 Kg7 39. Be6 Bf6 40. Bxf6+ Kxf6
41. Bc8 Ra2 42. Bxb7 Rxg2+ 43. Kh1 Rb2+ 44. Bxc6 Rxb3 0-1

[Event "XXV OOM - Mistrzostwa Polski Juniorow Mlodszych - Chlopcy do lat 14"]
[Site "Sielpia"]
[Date "1899-12-30"]
[Round "9.26"]
[White "Dembicki, Karol"]
[Black "Topola, Rafal"]
[Result "1/2-1/2"]
[WhiteTitle "II"]
[BlackTitle "I"]
[WhiteElo "1316"]
[BlackElo "1664"]

1. e4 c6 2. d4 d5 3. exd5 cxd5 4. Bd3 Nc6 5. c3 Qc7 6. h3 e6 7. Nf3 Nf6 8. O-O
Bd6 9. Nbd2 Rb8 10. Qc2 b5 11. a3 a5 12. b4 a4 13. Re1 Bd7 14. Nf1 h6 15. Qe2
Ne7 16. Bd2 O-O 17. Ne5 Bc6 18. f4 Rfc8 19. g4 Ne4 20. Bxe4 dxe4 21. Nxc6 Qxc6
22. Qxe4 Qxe4 23. Rxe4 Nd5 24. Rc1 Rc4 25. Ne3 Nxe3 26. Bxe3 Re8 27. Kf2 f6 28.
Kf3 Kf7 29. Bd2 e5 30. Rce1 Re7 31. fxe5 fxe5 32. dxe5 Rxe4 33. Rxe4 Bxe5 34.
c4 bxc4 35. Rxc4 Rd7 36. Ke2 Ke6 37. Bc3 Bxc3 38. Rxc3 Ke5 39. Rc4 Kd5 40. Kd3
Rf7 41. Re4 Rf3+ 42. Re3 Rf1 43. Kc3 Rc1+ 44. Kd2 Rh1 45. Kc3 Rc1+ 1/2-1/2